000
00314nam a2200109Ia 4500
008
200302s9999 xx 000 0 und d
100
_a
Michael Fowler
245
_a
Architectures of sound Acoustic concepts and parameters for architectural design
260
_b
Birkhauser Verlag Gmbh
260
_c
2017
300
_a
202
999
_c
6056
_d
6056